MARC

LEADER 00000nam0a2200000 4500
001 127053
005 20231101220030.0
035 |a (RuTPU)RU\TPU\book\137437 
090 |a 127053 
100 |a 20071207d1968 k y0rusy50 ca 
101 0 |a rus 
102 |a RU 
105 |a a z 001zy 
200 1 |a Склерометрия  |e теория, методика, применение испытаний на твердость царапанием   |f Академия наук СССР, Государственный научно-исследовательский институт машиноведения им. А. А. Благонравова ; под ред. М. М. Хрущова 
210 |a Москва  |c Наука  |d 1968 
215 |a 218 с.  |c ил. 
320 |a Библиогр.: с. 203-211. 
610 1 |a склерометрия 
610 1 |a теория 
610 1 |a методика 
610 1 |a применение 
610 1 |a испытание 
610 1 |a новые приборы 
675 |a 620.11  |v 3 
702 1 |a Хрущов  |b М. М.  |g Михаил Михайлович  |4 340 
712 0 2 |a Академия наук СССР  |b Государственный научно-исследовательский институт машиноведения им. А. А. Благонравова  |c (Москва)  |c (1962-1979)  |2 stltpush  |3 (RuTPU)RU\TPU\col\27800  |9 28893 
801 1 |a RU  |b 63413507  |c 20071207  |g PSBO 
801 2 |a RU  |b 63413507  |c 20220218  |g PSBO 
942 |c BK